| 000 | 01713nam a2200337 i 4500 | ||
|---|---|---|---|
| 001 | 768714001 | ||
| 003 | CO-MdFUSB | ||
| 005 | 20220504172812.0 | ||
| 007 | ta | ||
| 008 | 170522t1967 -us||||| |||| 00| 0 eng d | ||
| 020 | _q[No incluye ISBN] | ||
| 040 |
_aCO-MdFUSB _bspa _cCO-MdFUSB _dCO-MdFUSB _erda |
||
| 041 | 0 | _aeng | |
| 082 | 0 | 4 |
_223 _a221.7 _bOL44 |
| 100 | 1 |
_aEichrodt, Walther (1890-) _eautor |
|
| 245 | 0 | 0 |
_aTheology of the Old Testament _c/ Walther Eichrodt ; traducido por J. A. Baker, |
| 264 | 1 |
_aPhiladelphia, USA : _bThe Westminster Press, _c℗1961 |
|
| 264 | 4 | _c©1961 | |
| 300 |
_a573 páginas _c; 23 cm |
||
| 336 |
_2rdacontent _atexto _btxt |
||
| 337 |
_2rdamedia _asin mediación _bn |
||
| 338 |
_2rdacarrier _avolumen _bnc |
||
| 490 | 4 | _aThe Old Testament Library | |
| 505 | _aVol. 2 -- Segunda parte: Dios y el mundo -- XII: Las formas de la auto-manifestación de Dios -- XIII: Los poderes cósmicos de Dios -- XIV: Los poderes cósmicos de Dios continuó -- XV: Cosmología y creación -- XVI: El lugar del hombre en la creación -- XVII: Mantenimiento del mundo -- XVIII: El mundo celestial -- XIX: El mundo subterráneo -- Parte tres: Dios y el hombre -- XX: El individuo y la comunidad en el Antiguo Testamento Relación hombre-hombre -- XXI: Las formas fundamentales de la relación personal del hombre con Dios. -- XXII: El efecto de la piedad en la conducta (moralidad del Antiguo Testamento) -- XXIII: El indulto y la perdición De la relación del individuo con Dios (Inmoralidad) | ||
| 563 | _aPasta dura | ||
| 630 | 7 |
_aBiblia. _pAntiguo Testamento _xTeología |
|
| 650 | 7 |
_aTeología bíblica _9320 |
|
| 942 | _cREF | ||
| 945 | _aJTF-925 | ||
| 999 |
_c33087 _d33087 |
||